COLLEGE BOTANY (Vol-2) (Record no. 19230)
[ view plain ]
| 000 -LEADER | |
|---|---|
| fixed length control field | 00447cam a2200181ua 4500 |
| 008 - FIXED-LENGTH DATA ELEMENTS--GENERAL INFORMATION | |
| fixed length control field | 130619n II |||gr||||Z||||||eng |
| 040 ## - CATALOGING SOURCE | |
| Original cataloging agency | MAIN |
| 041 ## - LANGUAGE CODE | |
| -- | English |
| 082 ## - DEWEY DECIMAL CLASSIFICATION NUMBER | |
| Classification number | 580 GAN |
| 100 ## - MAIN ENTRY--PERSONAL NAME | |
| Personal name | GANGULEE, HIRENDRA CHANDRA. |
| 245 ## - TITLE STATEMENT | |
| Title | COLLEGE BOTANY (Vol-2) |
| 260 ## - PUBLICATION, DISTRIBUTION, ETC. | |
| Place of publication, distribution, etc. | LONDON: |
| Name of publisher, distributor, etc. | NEW CENTRAL BOOK AGENCY, |
| Date of publication, distribution, etc. | 2011. |
| 300 ## - PHYSICAL DESCRIPTION | |
| Extent | 1198: |
| Dimensions | 20CM. |
| 700 ## - ADDED ENTRY--PERSONAL NAME | |
| Personal name | KAR, ASHIK KUMAR. |
| 942 ## - ADDED ENTRY ELEMENTS (KOHA) | |
| Koha item type | Books |
| 653 ## - INDEX TERM--UNCONTROLLED | |
| Uncontrolled term | Plants (Botany) |
| Withdrawn status | Lost status | Damaged status | Not for loan | Collection code | Home library | Current library | Shelving location | Date acquired | Full call number | Barcode | Date last seen | Copy number | Price effective from | Koha item type | Public note |
|---|---|---|---|---|---|---|---|---|---|---|---|---|---|---|---|
| TBBOT | Central Library and Information Centre Sibsagar Girls College | Central Library and Information Centre Sibsagar Girls College | Botany Rack | 11.06.2013 | 580 GAN | 29503 | 27.02.2020 | 1 | 27.02.2020 | Books | |||||
| REFBOT | Central Library and Information Centre Sibsagar Girls College | Central Library and Information Centre Sibsagar Girls College | BOTANY BOOK RACK | 11.06.2013 | 580 GAN | 29504 | 27.02.2020 | 2 | 27.02.2020 | Books | V |